Name a city starting with A in every USA state - Statistics

General Stats
  • This quiz has been taken 116 times
  • The average score is 36 of 50
Answers on the Map
Answers color-coded by a green-red scale on the quiz's map according to % correct below.
 
Answer Stats
State City % Correct
Rhode Island N/A
100%
South Carolina Aiken | Anderson | Abbeville | Arthurtown | Arkwright | Arcadia | Andrews | Allendale
99%
Georgia Atlanta | Augusta | Albany | Athens | Americus | Adel | Ashburn
95%
Texas Austin | Arlington | Amarillo | Abilene | Allen | Atascocita | Anna | Alvin
94%
New York Amherst | Albany | Auburn | Amsterdam | Aurora | Arcadia | Airmont | Alden
93%
Missouri Arnold | Affton | Aurora | Ashland | Ava | Anderson | Adrian | Albany
92%
Kentucky Ashland | Alexandria | Adairville | Ages | Albany | Allen | Auburn | Artemus
90%
South Dakota Aberdeen | Ashland Heights | Aurora | Agency Village | Allen | Arlington | Alcester | Armour
88%
Alaska Anchorage | Akutan | Alakanuk | Aniak | Angoon | Anaktuvuk | Anderson | Adak
88%
Ohio Akron | Austintown | Avon Lake | Avon | Athens | Alliance | Ashland | Aurora
87%
Colorado Aurora | Arvada | Alamosa | Aspen | Avon | Ault | Akron | Aguilar
87%
Kansas Andover | Arkansas City | Atchison | Augusta | Abilene | Altamont | Atwood | Auburn
86%
Vermont Arlington | Alburgh | Addison | Alburgh | Albany
86%
Maine Auburn | Augusta | Arundel | Alna | Anton | Alfred
85%
Wyoming Afton | Arapahoe | Alpine | Alta | Auburn | Alpine Northeast | Alpine Northwest | Albin
84%
Minnesota Apple Valley | Andover | Austin | Albert Lea | Anoka | Alexandria | Arden Hills | Albertville
84%
Nebraska Alliance | Aurora | Auburn | Ashland | Albion | Ainsworth | Arlington | Atkinson
82%
Indiana Anderson | Avon | Auburn | Angola | Alexandria | Ashley | Akron
82%
Iowa Ankeny| Altoona | Ames | Atlantic | Adel | Algona | Anamosa | Akron
81%
Oregon Albany | Aloha | Ashland | Altamont | Astoria | Aumsville | Amity | Athena
80%
Tennessee Arlington | Athens | Alcoa | Atoka | Ashland City | Apison | Algood | Alamo
79%
Washington Auburn | Arlington | Anacortes | Aberdeen | Artondale | Airway Heights | Alderwood Manor | Ahtanum
79%
Illinois Aurora | Arlington Heights | Addison | Algonquin | Alton | Albion | Alsip | Antioch
79%
Maryland Annapolis | Aberdeen | Arbutus | Accokeek | Aspen Hill | Arnold | Annapolis Neck | Adelphi
78%
Montana Anaconda-Deer | Absarokee | Ashland | Arlee | Alberton | Azure | Augusta | Avon
77%
Virginia Arlington | Alexandria | Annandale | Ashburn | Abingdon | Ashland | Aquia Harbour | Altavista
77%
Pennsylvania Allentown | Abington | Altoona | Aston | Adams | Antrim | Amity | Aliquippa
76%
Utah American Fork | Alpine | Aurora | Apple Valley | Annabella | Avon | Amalga | Aneth
76%
Michigan Ann Arbor | Allen Park | Allendale charter | Auburn Hills | Adrian | Ada | Alpine
75%
New Mexico Albuquerque | Alamogordo |Artesia | Anthony | Aztec | Agua Fria | Angustura | Arroyo Seco
74%
Alabama Auburn | Anniston | Albertville | Athens | Alexander City | Arab | Andalusia | Atmore
74%
Louisiana Alexandria | Abbeville | Addis | Amite City | Arabi | Arcadia | Avondale | Ama
73%
Arkansas Arkadelphia | Alma | Ashdown | Austin | Alexander | Atkins
72%
North Carolina Asheville | Apex | Asheboro | Albemarle | Anderson Creek | Archdale | Aberdeen | Angier
72%
Massachusetts Attleboro | Arlington | Andover | Agawam Town | Acton | Ashland | Amesbury Town | Abington
72%
New Hampshire Amherst | Atkinson | Auburn | Alton | Allenstown | Antrim | Andover | Ashland
69%
New Jersey Atlantic City | Aberdeen | Asbury Park | Absecon | Audubon | Allendale | Andover | Allamuchy
69%
West Virginia Ansted | Athens | Alderson | Addison | Anmoore | Albright | Anawalt
67%
Wisconsin Appleton | Ashwaubenon | Allouez | Altoona | Antigo | Ashland | Arcadia | Algoma
67%
California Antioch | Arroyo Grande | Auburn | Arcata | Arvin | Alpine | Avenal | Avalon
58%
Mississippi Amory | Aberdeen | Arnold Line | Ackerman | Alcorn State | Algoma | Agricola | Ashland
56%
Connecticut Ansonia | Avon | Ashford | Andover
56%
Idaho Ammon | American Falls | Aberdeen | Ashton | Arco
54%
Oklahoma Ardmore | Altus | Ada | Anadarko | Alva | Atoka | Antlers | Arkoma
49%
North Dakota Ashley | Argusville | Arthur | Apple Valley | Alexander | Arnegard | Abercrombie | Aneta
41%
Arizona Avondale | Apache Junction | Anthem | Arizona City | Avra Valley | Ajo | Arizona Village
39%
Nevada Alamo | Amargosa Valley
19%
Florida Apopka | Altamonte Springs | Aventura | Alachua | Apalachicola | Atlantic Beach | Auburndale | Avon Park
14%
Hawaii Aiea | Ahuimanu | Ainaloa | Anahola
6%
Delaware Ardencroft | Arden | Ardentown
5%
No matching quizzes found
Score Distribution
Percent of People with Each Score
Percentile by Number Answered
Your Score History
You have not taken this quiz